Účtovníctvo podnikateľských subjektov Schémy účtovania v štátnom podniku, akciovej spoločnosti a u súkromného podnikateľa

Saved in:
Bibliographic Details
Main Author: Mázik, Ján
Corporate Author: Vysoká škola ekonomická v Bratislave. Fakulta riadenia
Format: Book
Language:Slovak
Published: Bratislava Vysoká škola ekonomická 1991
Tags: Add Tag
No Tags, Be the first to tag this record!

MARC

LEADER 00000nam a2200000 4500
001 c023137
005 20260325093134.8
041 0 |a slo 
044 |a SK 
245 1 0 |a Účtovníctvo podnikateľských subjektov  |b Schémy účtovania v štátnom podniku, akciovej spoločnosti a u súkromného podnikateľa  |c Ján Mázik a kol. 
264 1 |a Bratislava  |b Vysoká škola ekonomická  |c 1991 
300 |a 187 s. 
100 1 |a Mázik, Ján 
710 2 |a Vysoká škola ekonomická v Bratislave. Fakulta riadenia